Mythology Quiz - Gods - Statistics

General Stats
  • This quiz has been taken 31 times
  • The average score is 38 of 45
Answer Stats
Question Tile Select % Correct
Norse Isis No
100%
Norse Nike No
100%
Norse Odin Yes
100%
Norse Pluto No
100%
Greek Shiva No
100%
Norse Venus No
100%
Norse Heimdall Yes
97%
Greek Serqet No
97%
Norse Thor Yes
97%
Norse Zeus No
97%
Roman Bast No
93%
Roman Freyja (Freya) No
93%
Egyptian Freyr (Frey) No
93%
Norse Frigg Yes
93%
Egyptian Mercury No
93%
Hindu Artemis No
90%
Hindu Hera No
90%
Roman Indra No
90%
Roman Loki No
90%
Roman Zeus No
90%
Greek Horus No
87%
Egyptian Hypnos No
87%
Hindu Juno No
87%
Egyptian Parvati No
87%
Egyptian Sekmet Yes
87%
Greek Bellona No
83%
Roman Diana Yes
83%
Hindu Karna Yes
83%
Greek Saturn No
83%
Hindu Amun-Ra No
80%
Egyptian Garuda No
80%
Egyptian Hekmet Yes
80%
Egyptian Khepri Yes
80%
Hindu Mahishasura Yes
80%
Greek Nemesis Yes
80%
Hindu Gaia No
77%
Greek Janus No
77%
Greek Harpocrates Yes
73%
Roman Apollo Yes
70%
Greek Kymopoleia Yes
70%
Egyptian Rama No
70%
Hindu Wadjet No
67%
Roman Janus Yes
63%
Hindu Kalki Yes
60%
Roman Victoria Yes
57%
No matching quizzes found
Score Distribution
Percent of People with Each Score
Percentile by Number Answered
Your Score History
You have not taken this quiz